|
|
|
|
| LEADER |
00734nam a2200181Ia 4500 |
| 001 |
CTU_26811 |
| 008 |
210402s9999 xx 000 0 und d |
| 082 |
|
|
|a 660
|
| 082 |
|
|
|b H107/1986
|
| 100 |
|
|
|a Nguyễn Thị Như Hạnh
|
| 245 |
|
0 |
|a Sản xuất sơn dầu với bột sơn chế tạo từ khoáng sét Hậu Giang
|
| 245 |
|
0 |
|b Luận văn tốt nghiệp Đại học Sư phạm ngành Hóa Khóa 08
|
| 245 |
|
0 |
|c Nguyễn Thị Như Hạnh
|
| 260 |
|
|
|a Cần Thơ
|
| 260 |
|
|
|b Trường Đại học Cần Thơ, Khoa Sư phạm, Bộ môn Hóa
|
| 260 |
|
|
|c 1986
|
| 904 |
|
|
|i Nguyễn Quang Điền, 981020
|
| 980 |
|
|
|a Trung tâm Học liệu Trường Đại học Cần Thơ
|